Cantos de ámbar = Songs of amber / (Registro nro. 14039)

Detalles MARC
000 -LEADER
fixed length control field 01182nam a2200289 a 4500
001 - CONTROL NUMBER
control field
003 - CONTROL NUMBER IDENTIFIER
control field DO-SdBNP
005 - DATE AND TIME OF LATEST TRANSACTION
control field 20220217090450.0
008 - FIXED-LENGTH DATA ELEMENTS--GENERAL INFORMATION
fixed length control field 081028s2007 dr a 000 p mul d
020 ## - INTERNATIONAL STANDARD BOOK NUMBER
International Standard Book Number 9789945427196
040 ## - CATALOGING SOURCE
Original cataloging agency DO-SdBNP
Language of cataloging spa
Transcribing agency BPMSU
041 17 - LANGUAGE CODE
Language code of text/sound track or separate title spa
Source of code eng
082 ## - DEWEY DECIMAL CLASSIFICATION NUMBER
Classification number RD861.44
Item number L864c 2007
Edition number 22
100 1# - MAIN ENTRY--PERSONAL NAME
Personal name López, Dagoberto,
Dates associated with a name 1955-
245 10 - TITLE STATEMENT
Title Cantos de ámbar = Songs of amber /
Statement of responsibility, etc. Dagoberto López.
246 14 - VARYING FORM OF TITLE
Title proper/short title Songs of amber
260 ## - PUBLICATION, DISTRIBUTION, ETC. (IMPRINT)
Place of publication, distribution, etc. Santo Domingo :
Name of publisher, distributor, etc. Secretaría de Estado de Cultura,
Date of publication, distribution, etc. 2007.
300 ## - PHYSICAL DESCRIPTION
Extent 131 p. :
Other physical details il. ;
Dimensions 23 cm.
500 ## - GENERAL NOTE
General note Texto en español e inglés.
500 ## - GENERAL NOTE
General note Incluye datos biográficos del autor en la solapa de la cubierta
505 0# - FORMATTED CONTENTS NOTE
Formatted contents note Fósiles de la memoria -- The fossils of memory -- La audiencia del ámbar y el minero -- The absence of amber and the miner -- María Piringo: espíritu del ámbar y la lluvia -- María Piringo: spirit of amber and rain -- Este tartamudeo-no lo niego -- This stammering- I do not deny it -- Epílogo -- Epiloge.
590 ## - LOCAL NOTE (RLIN)
Local note Inventariado, 2022/VM
650 ## - SUBJECT ADDED ENTRY--TOPICAL TERM
Topical term or geographic name as entry element Poesía dominicana
650 #4 - SUBJECT ADDED ENTRY--TOPICAL TERM
Topical term or geographic name as entry element Literatura dominicana.
910 ## - USER-OPTION DATA (OCLC)
User-option data VMateo V.
942 ## - ADDED ENTRY ELEMENTS (KOHA)
Source of classification or shelving scheme Dewey Decimal Classification
Koha item type Libros
Existencias
Withdrawn status Lost status Source of classification or shelving scheme Damaged status Not for loan Collection code Home library Current library Date acquired Source of acquisition Total Checkouts Full call number Barcode Date last seen Price effective from Koha item type
    Dewey Decimal Classification     Colección Dominicana Biblioteca Pública Metropolitana Salomé Ureña Biblioteca Pública Metropolitana Salomé Ureña 02/17/2022 Editora Nacional   BPMSU CD RD861.44 L864c 2007 BPMSU22020050 02/17/2022 02/17/2022 Libros